| 000 | 00674cam a22002293a 4500 | ||
|---|---|---|---|
| 001 | 20361 | ||
| 003 | PGUSA | ||
| 005 | 20140828083430.0 | ||
| 008 | 070115s2007||||xxu|||||s|||||000 | eng d | ||
| 040 |
_aPGUSA _beng |
||
| 042 | _adc | ||
| 050 | 4 | _aPS | |
| 100 | 1 |
_aLee, Gerald Stanley, _d1862-1944 |
|
| 245 | 1 | 4 |
_aThe Voice of the Machines : _bAn Introduction to the Twentieth Century _h[electronic resource] / _cGerald Stanley Lee |
| 260 |
_bProject Gutenberg, _c2007 |
||
| 506 | _aPublic domain in the USA. | ||
| 516 | _aElectronic text | ||
| 653 | _aMachinery | ||
| 830 | 0 |
_aProject Gutenberg _v20361 |
|
| 856 | 4 | 0 | _uhttp://www.gutenberg.org/ebooks/20361 |
| 942 | _cEB | ||
| 999 |
_c249616 _d249616 |
||